000 00677nam a2200169 a 4500
008 180208s2016 ||||||||||||||||| || u
050 _aCBU-PG THESIS/SIL
100 _aSilondwa, Mathew
245 1 0 _aInvestigation of ambient air pollution in Kitwe
_cby Mathew Silondwa
260 _aKitwe:
_bCopperbelt University
_c2016
300 _axi, 65p.: ill.
500 _aIncludes References
650 0 _aAIR QUALITY MANAGEMENT
650 _aAIR QUALITY--ZAMBIA--KITWE DISTRICT
650 _aAIR POLLUTION--ZAMBIA
995 _FCBU-MAIN LIBRARY (Kitwe)
_M1
_UAVAILABLE
_WFeb 8, 2018
_XCopperbelt University
_ZUniversity Collection
999 _c48218
_d48218